| 000 | 01008nam a22001937a 4500 | ||
|---|---|---|---|
| 008 | 100621t xxu||||| |||| 00| 0 eng d | ||
| 082 |
_222 _a155.4 _bف ا ل |
||
| 100 | 1 |
_914947 _aفالنتين، س. و. |
|
| 245 |
_aالطفل الطبيعي / _cس. و. فالنتين ؛ ترجمة محمد خليفة بركات، يوسف ميخائيل اسعد. _hThe Normal Child / |
||
| 260 |
_aالقاهرة : _bمكتبة الانجلو المصرية ، _c1970. |
||
| 300 |
_a358 ص : _c24 سم . |
||
| 504 | _aيحتوي علي ارجاعات ببليوجرافية | ||
| 650 | 0 |
_914985 _aالأطفال، علم النفس |
|
| 650 | 0 |
_914986 _aالأطفال _xرعاية |
|
| 700 | 1 |
_914945 _aبركات، محمد خليفة |
|
| 700 | 1 |
_914946 _aاسعد، يوسف ميخائيل |
|
| 942 |
_2ddc _cBB |
||
| 999 |
_c14137 _d14137 |
||